000 00536nam a2200169 a 4500
001 000027833
005 20240313092933.0
008 110405s1996 dr 000 0 spa d
040 _aDO-SdBNP
_bspa
_cBNPHU
082 _axxx
_bM953r
245 0 0 _aMujer rural en república Dominicana 96.
260 _aSanto Domingo :
_bMUDE ;
_bFNUAP,
_c[1996].
300 _a66 P. ;
_c29 cm.
710 2 _aMujeres en Desarrollo Dominicana
_921075
710 2 _aFondo de Naciones Unidas para Actividades en Materia de Población
_952170
049 _aBNPD
999 _c27325
_d27325